000 00567nam a22001577a 4500
005 20251108165824.0
008 250721s1992 xx 000 0 ara d
082 1 4 _a920.72/يوس
100 1 _aيوسف، محمد خير
245 1 0 _aالمرأة الكردية في التاريخ الإسلامي :
_bتراجم الأميرات كرديات و محدثات عالمات /
264 1 _aبيروت :
_bدار القادري،
_c1992.
650 1 7 _aالمرأة
650 1 7 _aالتراجم التاريخ الإسلامي
942 _2ddc
_cBK
999 _c32191
_d32191